000
00308nam a2200109Ia 4500
008
221009s9999 xx 000 0 und d
082
_a
934/SHA
100
_a
Sharma , Ram Sharan
_9
16756
245
0
_a
Aspects Of Political Ideas And Institutions In Ancient India
260
_b
Motilal Banarasidass
942
_c
BK
999
_c
64812
_d
64812